[Event "221st YMCA Autumn B"]
[Site "Warsaw"]
[Date "2019.11.07"]
[Round "8"]
[White "Dabrowski, Leszek"]
[Black "Wojnowski, Jan"]
[Result "1/2-1/2"]
[WhiteElo "1851"]
[BlackElo "1676"]
[PlyCount "96"]
[EventDate "2019.09.20"]
[EventRounds "1"]
[EventCountry "POL"]
[SourceDate "2019.09.20"]

1. e4 c5 2. Nf3 e6 3. d3 d5 4. Nbd2 Nc6 5. g3 Nge7 6. Bg2 Ng6 7. O-O Be7 8. Re1
O-O 9. e5 Qc7 10. Qe2 Bd7 11. c3 Rab8 12. h4 Rfc8 13. h5 Nf8 14. Nf1 b5 15. Bf4
Qb6 16. Rab1 a5 17. N1h2 Rb7 18. Ng4 Rbc7 19. Qd2 d4 20. h6 g6 21. Bg5 Be8 22.
Nh4 f5 23. exf6 Bd6 24. Bf4 Bxf4 25. Qxf4 Bf7 26. Nf3 dxc3 27. bxc3 b4 28. Ng5
Nd8 29. Ne3 Qa6 30. d4 c4 31. Nxf7 Nxf7 32. cxb4 axb4 33. Rxb4 c3 34. a4 c2 35.
Rc1 Qa5 36. Rb2 Qxa4 37. Be4 Qxd4 38. Rbxc2 Rxc2 39. Rxc2 Rxc2 40. Nxc2 Qd1+
41. Kg2 Qh5 42. Nd4 e5 43. Qd2 exd4 44. Qxd4 Qe5 45. Qe3 Qxf6 46. Bd5 g5 47.
Qb3 Nd7 48. Qa2 Nf8 1/2-1/2

[Event "221st YMCA Autumn B"]
[Site "Warsaw"]
[Date "2019.11.07"]
[Round "8"]
[White "Szukalski`, Antoni"]
[Black "Okurowski, Michal"]
[Result "1-0"]
[WhiteElo "1727"]
[BlackElo "1645"]
[PlyCount "87"]
[EventDate "2019.09.20"]
[EventRounds "1"]
[EventCountry "POL"]
[SourceDate "2019.09.20"]

1. e4 e5 2. Nf3 Nc6 3. Bb5 a6 4. Ba4 Nf6 5. Nc3 Bc5 6. d3 d6 7. Bg5 h6 8. Bxf6
Qxf6 9. Nd5 Qd8 10. c3 Bd7 11. b4 Ba7 12. O-O Ne7 13. Bb3 Nxd5 14. Bxd5 c6 15.
Bb3 Bg4 16. h3 h5 17. Qe2 Qf6 18. Bd1 Rh6 19. Qd2 Bxf3 20. Bxf3 g5 21. Bd1 Ke7
22. g3 Qg6 23. Kg2 f5 24. exf5 Qxf5 25. a4 Rf8 26. b5 Rhf6 27. Ra2 g4 28. h4
Kd7 29. Rb2 Qg6 30. b6 Bb8 31. Qe3 d5 32. a5 Re6 33. Re1 e4 34. dxe4 Rxe4 35.
Qd3 Rf3 36. Qb1 Rxc3 37. Rb4 Qd6 38. Rbxe4 dxe4 39. Bc2 Rxg3+ 40. Kf1 Rh3 41.
Bxe4 Qf6 42. Bf5+ Kd8 43. Qe4 Rf3 44. Qe8# 1-0

[Event "221st YMCA Autumn B"]
[Site "Warsaw"]
[Date "2019.11.07"]
[Round "8"]
[White "Kasperski, Marcin"]
[Black "Mazurek, Jerzy"]
[Result "1-0"]
[WhiteElo "1638"]
[BlackElo "1664"]
[PlyCount "63"]
[EventDate "2019.09.20"]
[EventRounds "1"]
[EventCountry "POL"]
[SourceDate "2019.09.20"]

1. e4 e5 2. Nf3 Nc6 3. Bb5 a6 4. Bxc6 dxc6 5. h3 f6 6. d3 Be6 7. Be3 c5 8. Nbd2
Qd7 9. Qe2 O-O-O 10. Nb3 Qb5 11. Nfd2 g5 12. O-O h5 13. a4 Qc6 14. Nc4 Bxc4 15.
dxc4 Qxe4 16. Rfd1 Rxd1+ 17. Rxd1 Bd6 18. f3 Qc6 19. a5 Ne7 20. Qf2 b6 21. axb6
cxb6 22. Nd2 Nf5 23. Ne4 Bc7 24. g4 hxg4 25. hxg4 Nd6 26. Nxf6 e4 27. Nd5 Nxc4
28. Ne7+ Kb7 29. Nxc6 Kxc6 30. Bxg5 Ne5 31. Bf6 Nxf3+ 32. Qxf3 1-0

[Event "221st YMCA Autumn B"]
[Site "Warsaw"]
[Date "2019.11.07"]
[Round "8"]
[White "Iwaszkiewicz, Krzysztof"]
[Black "Wilczynski, Adam"]
[Result "1-0"]
[WhiteElo "1768"]
[BlackElo "1607"]
[PlyCount "107"]
[EventDate "2019.09.20"]
[EventRounds "1"]
[EventCountry "POL"]
[SourceDate "2019.09.20"]

1. d4 Nf6 2. Bf4 e6 3. e3 c5 4. Nd2 d5 5. c3 Nc6 6. Ngf3 Bd6 7. Bg3 O-O 8. Bb5
Ne7 9. Bd3 Nf5 10. Bxf5 exf5 11. Bxd6 Qxd6 12. O-O c4 13. b3 b5 14. a4 Bd7 15.
axb5 Bxb5 16. bxc4 dxc4 17. Ne5 Qc7 18. Qf3 g6 19. Rfb1 Rab8 20. Rb4 a5 21. Rb2
Ba6 22. Rba2 Bb7 23. Qg3 Nd5 24. Nexc4 Qxg3 25. hxg3 Nxc3 26. Rxa5 Ra8 27. R1a3
Ne4 28. Nxe4 Bxe4 29. Ne5 Rxa5 30. Rxa5 Ra8 31. Rxa8+ Bxa8 32. g4 fxg4 33. Nxg4
Kg7 34. Kh2 f6 35. Kg3 h5 36. Nh2 Bc6 37. Nf3 g5 38. Nd2 h4+ 39. Kh3 f5 40. g3
hxg3 41. Kxg3 Kf6 42. f3 Bd7 43. Nb3 Bc6 44. Nc5 Bb5 45. e4 fxe4 46. fxe4 Be2
47. Nd7+ Ke7 48. Nb6 Kd6 49. Nd5 Bd1 50. Nf6 Bc2 51. e5+ Ke6 52. Kg4 Bb3 53.
Kxg5 Ba2 54. Kf4 1-0

[Event "221st YMCA Autumn B"]
[Site "Warsaw"]
[Date "2019.10.23"]
[Round "9"]
[White "Wilczynski, Adam"]
[Black "Ossolinski, Ziemowit"]
[Result "1/2-1/2"]
[WhiteElo "1607"]
[BlackElo "1768"]
[PlyCount "59"]
[EventDate "2019.09.20"]
[EventRounds "1"]
[EventCountry "POL"]
[SourceDate "2019.09.20"]

1. c4 e5 2. g3 Nc6 3. Nc3 Bc5 4. Bg2 Nf6 5. Nf3 d6 6. d3 h6 7. a3 a6 8. b4 Ba7
9. Bb2 O-O 10. O-O Bg4 11. h3 Be6 12. e3 Qc8 13. Kh2 Ne7 14. Rc1 Ng6 15. Nd2 c6
16. Nb3 Re8 17. Na5 Bb6 18. Nb3 Bc7 19. Nd2 Bb8 20. Nce4 Nxe4 21. Nxe4 Bc7 22.
d4 Bxc4 23. Rxc4 d5 24. Rc1 dxe4 25. Bxe4 exd4 26. Bxg6 fxg6 27. Qxd4 Be5 28.
Qc4+ Kh7 29. Bxe5 Rxe5 30. Kg2 1/2-1/2

[Event "221st YMCA Autumn B"]
[Site "Warsaw"]
[Date "2019.11.14"]
[Round "9"]
[White "Mazurek, Jerzy"]
[Black "Iwaszkiewicz, Krzysztof"]
[Result "1-0"]
[WhiteElo "1664"]
[BlackElo "1768"]
[PlyCount "107"]
[EventDate "2019.09.20"]
[EventRounds "1"]
[EventCountry "POL"]
[SourceDate "2019.09.20"]

1. e4 c5 2. Nf3 e6 3. d3 Nc6 4. g3 d6 5. Bg2 g6 6. O-O Bg7 7. c3 Nge7 8. Be3
O-O 9. d4 b6 10. Qc2 cxd4 11. Nxd4 Bb7 12. Rd1 a6 13. Nb3 Qc7 14. a4 Rfd8 15.
Bf4 e5 16. Be3 d5 17. Na3 dxe4 18. Nc4 Rxd1+ 19. Rxd1 Nd5 20. Qxe4 Nxe3 21.
Qxe3 b5 22. Qb6 Qxb6 23. Nxb6 Rb8 24. axb5 axb5 25. Nc5 Ba8 26. Ncd7 Rd8 27.
Nxa8 e4 28. Bxe4 Ne5 29. Nab6 f5 30. Bd5+ Kh8 31. Ra1 Nd3 32. b3 Bxc3 33. Ra8
Rxa8 34. Nxa8 Kg7 35. Nc7 b4 36. Bc4 Ne1 37. Nd5 g5 38. Nc5 Nf3+ 39. Kg2 g4 40.
Nd3 Bd2 41. N5xb4 h5 42. h4 f4 43. Nd5 fxg3 44. fxg3 Nd4 45. N5f4 Kh6 46. Ne5
Be1 47. Nf7+ Kh7 48. Nxh5 Nf5 49. Bd3 Kg6 50. Ne5+ Kxh5 51. Bxf5 Bd2 52. Bxg4+
Kh6 53. Nc6 Bc3 54. b4 1-0

[Event "221st YMCA Autumn B"]
[Site "Warsaw"]
[Date "2019.11.14"]
[Round "9"]
[White "Okurowski, Michal"]
[Black "Kasperski, Marcin"]
[Result "0-1"]
[WhiteElo "1645"]
[BlackElo "1638"]
[PlyCount "108"]
[EventDate "2019.09.20"]
[EventRounds "1"]
[EventCountry "POL"]
[SourceDate "2019.09.20"]

1. e4 e6 2. Nf3 d5 3. exd5 exd5 4. d4 Bd6 5. Bd3 Ne7 6. Be3 Bf5 7. Nc3 c6 8.
Nh4 Bxd3 9. Qxd3 Nd7 10. Nf5 Nxf5 11. Qxf5 Qf6 12. Qxf6 Nxf6 13. f3 O-O 14. Kd2
Rfe8 15. Rae1 h6 16. Bf2 Rxe1 17. Rxe1 Re8 18. Rxe8+ Nxe8 19. Bg3 Bb4 20. a3
Be7 21. Kd3 g6 22. Nd1 Ng7 23. Bb8 a6 24. g4 f5 25. Ne3 fxg4 26. fxg4 Ne6 27.
Nf1 Bg5 28. Nd2 Bxd2 29. Kxd2 Nxd4 30. Kd3 Ne6 31. Kc3 Kf7 32. Kb4 Ke7 33. Ka5
Kd7 34. Kb6 Kc8 35. Be5 h5 36. gxh5 gxh5 37. h4 Nf8 38. Kc5 Ng6 39. Bg3 Ne7 40.
Bf4 Nf5 41. Bg5 Kc7 42. Bf4+ Kd7 43. Kb6 Nxh4 44. Kxb7 Ng2 45. Bh2 Ne3 46. Kxa6
Nxc2 47. Kb7 d4 48. a4 d3 49. Bf4 h4 50. a5 Nb4 51. Bd2 h3 52. Bxb4 h2 53. a6
h1=Q 54. Bc5 Qh8 0-1

[Event "221st YMCA Autumn B"]
[Site "Warsaw"]
[Date "2019.11.14"]
[Round "9"]
[White "Wojnowski, Jan"]
[Black "Szukalski`, Antoni"]
[Result "1/2-1/2"]
[WhiteElo "1676"]
[BlackElo "1727"]
[PlyCount "99"]
[EventDate "2019.09.20"]
[EventRounds "1"]
[EventCountry "POL"]
[SourceDate "2019.09.20"]

1. c4 Nf6 2. Nc3 e6 3. d4 d5 4. Bg5 Be7 5. e3 c6 6. Nf3 O-O 7. Bd3 dxc4 8. Bxc4
Nbd7 9. O-O Nd5 10. Bxe7 Qxe7 11. Qd2 N7f6 12. Rfe1 Rd8 13. Rad1 Nb6 14. Bd3
Bd7 15. Bb1 c5 16. Qc2 h6 17. Ne4 cxd4 18. Nxf6+ Qxf6 19. Qh7+ Kf8 20. Rxd4 g5
21. h4 Bc6 22. hxg5 hxg5 23. Red1 Ke7 24. Rxd8 Rxd8 25. Rxd8 Kxd8 26. Qg8+ Kc7
27. Nxg5 Qxb2 28. Qxf7+ Kb8 29. Qg6 Qc1+ 30. Kh2 Qf1 31. Nxe6 Qxf2 32. Qg3+
Qxg3+ 33. Kxg3 Nd5 34. Kf2 Nc3 35. Bf5 Nd1+ 36. Ke2 Nc3+ 37. Kd2 Nxa2 38. g4
Nb4 39. e4 Be8 40. g5 Nc6 41. g6 Ne7 42. g7 Bf7 43. Ng5 Bg8 44. Bh7 Kc7 45.
Bxg8 Nxg8 46. Kd3 b5 47. Ne6+ Kd6 48. Nd4 a6 49. Kc3 Ke5 50. Nxb5 1/2-1/2

[Event "221st YMCA Autumn B"]
[Site "Warsaw"]
[Date "2019.11.29"]
[Round "9"]
[White "Tarka, Aleksandra"]
[Black "Dabrowski, Leszek"]
[Result "1/2-1/2"]
[WhiteElo "1646"]
[BlackElo "1851"]
[PlyCount "47"]
[EventDate "2019.09.20"]
[EventRounds "1"]
[EventCountry "POL"]
[SourceDate "2019.09.20"]

1. e4 c6 2. d4 d5 3. Nc3 dxe4 4. Nxe4 Nf6 5. Nxf6+ gxf6 6. Bf4 Bf5 7. c3 Nd7 8.
Nf3 Bg7 9. Bd3 Bg6 10. Qc2 e5 11. Be3 Qe7 12. Bf5 exd4 13. Nxd4 Bh6 14. Qe2
Bxe3 15. Qxe3 Qxe3+ 16. fxe3 Ne5 17. O-O-O Ke7 18. e4 Nc4 19. Rhe1 Rad8 20. b3
Ne5 21. Kc2 h5 22. h3 Rd6 23. a4 Rhd8 24. b4 $11 1/2-1/2

[Event "221st YMCA Autumn B"]
[Site "Warsaw"]
[Date "2019.11.27"]
[Round "9"]
[White "Sloniewska, Alicja"]
[Black "Gierech, Pawel"]
[Result "1-0"]
[WhiteElo "1661"]
[BlackElo "1652"]
[PlyCount "73"]
[EventDate "2019.09.20"]
[EventRounds "1"]
[EventCountry "POL"]
[SourceDate "2019.09.20"]

1. d4 d5 2. c4 e6 3. Nc3 Nf6 4. cxd5 exd5 5. Bg5 Be7 6. e3 c6 7. Bd3 Bg4 8. Qc2
Nbd7 9. Nge2 Rc8 10. O-O Bd6 11. h3 Bh5 12. Rfc1 Bg6 13. Bxg6 hxg6 14. Nxd5 Rh5
15. Nxf6+ Nxf6 16. Bf4 g5 17. Bxd6 Qxd6 18. Ng3 Rh8 19. Qf5 Rd8 20. Qxg5 g6 21.
Qc5 Qb8 22. Qa3 Rd7 23. Rc5 Re7 24. Rac1 Nd7 25. R5c2 g5 26. Nf5 Re6 27. Ng7+
Kd8 28. Nxe6+ fxe6 29. Qa5+ Kc8 30. Qxg5 Qd6 31. Qa5 Kb8 32. b4 e5 33. dxe5
Nxe5 34. Qc5 Qe6 35. Rd2 Rg8 36. Qd6+ Qxd6 37. Rxd6 1-0

[Event "221st YMCA Autumn B"]
[Site "Warsaw"]
[Date "2019.11.14"]
[Round "9"]
[White "Jarmolowski, Tadeusz"]
[Black "Sypula, Krzysztof"]
[Result "0-1"]
[WhiteElo "1667"]
[BlackElo "1671"]
[PlyCount "118"]
[EventDate "2019.09.20"]
[EventRounds "1"]
[EventCountry "POL"]
[SourceDate "2019.09.20"]

1. e4 d6 2. d4 g6 3. Nc3 Bg7 4. f4 e6 5. Nf3 Ne7 6. Be3 b6 7. Qd2 Bb7 8. Bd3
Nd7 9. O-O-O Nf6 10. h3 Qd7 11. Qe2 O-O-O 12. Ba6 c6 13. e5 Ne8 14. g4 Bxa6 15.
Qxa6+ Qb7 16. Qe2 Nd5 17. Ne4 Nxe3 18. Qxe3 d5 19. Ng3 Qd7 20. Rd3 Kb7 21. Ra3
Bf8 22. Rb3 Nc7 23. Kb1 Na6 24. a3 c5 25. Ne2 c4 26. Rc3 b5 27. b4 Nb8 28. Qc1
Nc6 29. Rf1 h5 30. Qb2 Be7 31. g5 Ra8 32. Nc1 Bd8 33. a4 Be7 34. Na2 bxa4 35.
Ra3 Rhb8 36. Rxa4 Nxd4 37. Nc3 Nxf3 38. Rxf3 Kc8 39. Qa3 Bxb4 40. Rxb4 Rxb4+
41. Kc1 Qb7 42. Na2 Rb1+ 43. Kd2 Qd7 44. Nc3 Rb6 45. Na4 Rab8 46. Nxb6+ axb6
47. Qb4 Qc7 48. Ra3 Qc5 49. Qxc5+ bxc5 50. Ra7 Rb7 51. Ra8+ Kc7 52. Kc3 Kb6 53.
h4 Kb5 54. Kd2 d4 55. Ra1 Kc6 56. Ra2 Kd5 57. Ra5 Rc7 58. Ra1 Ke4 59. Rf1 Ra7
0-1

[Event "221st YMCA Autumn B"]
[Site "Warsaw"]
[Date "2019.12.04"]
[Round "10"]
[White "Ossolinski, Ziemowit"]
[Black "Sypula, Krzysztof"]
[Result "0-1"]
[WhiteElo "1768"]
[BlackElo "1671"]
[PlyCount "128"]
[EventDate "2019.09.20"]
[EventRounds "1"]
[EventCountry "POL"]
[SourceDate "2019.09.20"]

1. e4 c5 2. Nf3 e6 3. d4 cxd4 4. Nxd4 a6 5. c4 Nf6 6. Nc3 Qc7 7. Be2 b6 8. O-O
Bb7 9. f3 Nc6 10. Nc2 Bc5+ 11. Kh1 O-O 12. a3 Be7 13. Be3 d6 14. Na4 Nd7 15. b4
Nce5 16. Qd4 Bf6 17. Rad1 b5 18. Qxd6 Qxd6 19. Rxd6 bxa4 20. f4 Bxe4 21. fxe5
Nxe5 22. Ne1 Rfd8 23. Bc5 Nd7 24. Bd4 Be7 25. c5 Bxd6 26. cxd6 Nf6 27. Rxf6
gxf6 28. Bc5 Rd7 29. Kg1 Rad8 30. Bxa6 Rxd6 31. Bxd6 Rxd6 32. Bb5 Rd1 33. Kf2
Ra1 34. Bxa4 Rxa3 35. Bd1 Ra2+ 36. Be2 Kf8 37. Ke3 Bb7 38. Nf3 e5 39. b5 Rb2
40. Nh4 Bd5 41. g3 Be6 42. Bd3 Rxh2 43. Be2 Rxe2+ 44. Kxe2 Bc4+ 45. Ke3 Bxb5
46. Nf5 Bd7 47. Nh4 f5 48. Nf3 f6 49. Nh4 Kf7 50. Kf3 Ke6 51. Ke3 Bc6 52. Kd3
Be4+ 53. Ke3 Kd5 54. Kf2 Kd4 55. Ke2 f4 56. gxf4 exf4 57. Kf2 Kd3 58. Nf3 Bxf3
59. Kxf3 h5 60. Kxf4 h4 61. Kg4 Ke3 62. Kxh4 Kf3 63. Kh3 f5 64. Kh2 Kf2 0-1

[Event "221st YMCA Autumn B"]
[Site "Warsaw"]
[Date "2019.11.21"]
[Round "10"]
[White "Gierech, Pawel"]
[Black "Jarmolowski, Tadeusz"]
[Result "1-0"]
[WhiteElo "1652"]
[BlackElo "1667"]
[PlyCount "47"]
[EventDate "2019.09.20"]
[EventRounds "1"]
[EventCountry "POL"]
[SourceDate "2019.09.20"]

1. e4 d5 2. exd5 Qxd5 3. Nf3 Bg4 4. Be2 Nc6 5. d4 O-O-O 6. c4 Qd7 7. d5 Bxf3 8.
Bxf3 Ne5 9. Be2 e6 10. dxe6 Qxe6 11. Qc2 Nd3+ 12. Kf1 Nb4 13. Qa4 Kb8 14. Be3
a6 15. Nc3 Nf6 16. Bf3 Qxc4+ 17. Kg1 Bd6 18. a3 b5 19. Qa5 Nbd5 20. Qxa6 c6 21.
Nxd5 Nxd5 22. Rc1 Nxe3 23. Rxc4 Nxc4 24. Qxc6 1-0

[Event "221st YMCA Autumn B"]
[Site "Warsaw"]
[Date "2019.11.22"]
[Round "10"]
[White "Dabrowski, Leszek"]
[Black "Sloniewska, Alicja"]
[Result "0-1"]
[WhiteElo "1851"]
[BlackElo "1661"]
[PlyCount "74"]
[EventDate "2019.09.20"]
[EventRounds "1"]
[EventCountry "POL"]
[SourceDate "2019.09.20"]

1. e4 c6 2. d3 d5 3. Nd2 e6 4. Ngf3 Nf6 5. g3 Be7 6. Bg2 O-O 7. O-O Qc7 8. e5
Nfd7 9. Re1 c5 10. Nf1 Nc6 11. Bf4 Re8 12. h4 b6 13. N1h2 Bb7 14. h5 h6 15. Ng4
Bf8 16. Qd2 Kh7 17. Nh4 d4 18. Be4+ Kh8 19. Nxh6 gxh6 20. Bxh6 Qd8 21. Bg5 Qc7
22. Qf4 Ncxe5 23. Bxb7 Qxb7 24. Bf6+ Nxf6 25. Qxe5 Qe7 26. g4 Kg8 27. Qg5+ Kh8
28. Qe5 Kh7 29. f3 Nd5 30. Qe4+ Kh8 31. Ng2 Qg5 32. Kf2 Bd6 33. a3 Nf4 34. Rh1
f5 35. Qc6 Rad8 36. Nh4 Nd5 37. Ng6+ Kg8 0-1

[Event "221st YMCA Autumn B"]
[Site "Warsaw"]
[Date "2019.11.20"]
[Round "10"]
[White "Szukalski`, Antoni"]
[Black "Tarka, Aleksandra"]
[Result "1/2-1/2"]
[WhiteElo "1727"]
[BlackElo "1646"]
[PlyCount "82"]
[EventDate "2019.09.20"]
[EventRounds "1"]
[EventCountry "POL"]
[SourceDate "2019.09.20"]

1. e4 c5 2. Nf3 e6 3. Nc3 Nc6 4. Bb5 Nge7 5. d4 cxd4 6. Nxd4 Nxd4 7. Qxd4 a6 8.
Be2 Nc6 9. Qd1 Qc7 10. Be3 b5 11. Qd2 Be7 12. O-O O-O 13. Rad1 Rd8 14. Qc1 Bb7
15. f4 Rac8 16. f5 f6 17. Kh1 Ne5 18. fxe6 dxe6 19. Bf3 Rxd1 20. Rxd1 b4 21.
Na4 Qxc2 22. Qxc2 Rxc2 23. Rc1 Rxc1+ 24. Bxc1 Bc6 25. b3 f5 26. Be3 fxe4 27.
Be2 Nd3 28. Nb6 Kf7 29. Kg1 Kf6 30. Kf1 Bd6 31. g3 e5 32. Nc4 Bc5 33. Bxd3 Bxe3
34. Be2 Bd4 35. Nd6 Ke6 36. Nc4 Bb5 37. h3 Kd5 38. Ke1 Kc5 39. Kf1 g6 40. Ke1
h6 41. Kf1 h5 1/2-1/2

[Event "221st YMCA Autumn B"]
[Site "Warsaw"]
[Date "2019.11.21"]
[Round "10"]
[White "Kasperski, Marcin"]
[Black "Wojnowski, Jan"]
[Result "0-1"]
[WhiteElo "1638"]
[BlackElo "1676"]
[PlyCount "82"]
[EventDate "2019.09.20"]
[EventRounds "1"]
[EventCountry "POL"]
[SourceDate "2019.09.20"]

1. c4 e5 2. g3 f5 3. Bg2 Nc6 4. Nc3 Nf6 5. d3 g6 6. Nf3 Bg7 7. Bg5 h6 8. Bd2 d6
9. e4 g5 10. Nd5 Ne7 11. Nxf6+ Bxf6 12. Bc3 Ng6 13. Nd2 f4 14. Qh5 Kf7 15. Bh3
Bxh3 16. Qxh3 Kg7 17. O-O-O a6 18. Rdg1 b5 19. Qf5 Qc8 20. h4 Ne7 21. Qxc8
Raxc8 22. gxf4 exf4 23. hxg5 hxg5 24. Rxg5+ Kf7 25. Rgh5 Bxc3 26. bxc3 Rxh5 27.
Rxh5 c6 28. Rh7+ Kf6 29. Rh6+ Ng6 30. Kc2 Kg5 31. Rh7 Ne5 32. cxb5 axb5 33. d4
Ng4 34. Rg7+ Kh5 35. f3 Ne3+ 36. Kd3 Ra8 37. Rd7 d5 38. e5 Rxa2 39. e6 Nc4 40.
Nb3 Rf2 41. Rc7 Nb2# 0-1

[Event "221st YMCA Autumn B"]
[Site "Warsaw"]
[Date "2019.11.21"]
[Round "10"]
[White "Iwaszkiewicz, Krzysztof"]
[Black "Okurowski, Michal"]
[Result "1-0"]
[WhiteElo "1768"]
[BlackElo "1645"]
[PlyCount "111"]
[EventDate "2019.09.20"]
[EventRounds "1"]
[EventCountry "POL"]
[SourceDate "2019.09.20"]

1. d4 d5 2. Bf4 Nf6 3. e3 e6 4. c3 Nc6 5. Nd2 Bd6 6. Bg3 Bd7 7. Ngf3 Qe7 8. Bb5
O-O 9. O-O Bxg3 10. hxg3 a6 11. Bxc6 Bxc6 12. Qb3 b5 13. Ne5 Bb7 14. a4 c6 15.
Ndf3 Nd7 16. Nxd7 Qxd7 17. Ne5 Qc7 18. Nd3 Kh8 19. Nc5 Rfe8 20. Ra3 e5 21. Rfa1
e4 22. axb5 axb5 23. Ra7 Rxa7 24. Rxa7 Ra8 25. Rxa8+ Bxa8 26. Qa3 Qc8 27. Qa7
Kg8 28. Kf1 g6 29. Ke1 Kg7 30. Kd1 Qg4+ 31. Kd2 Qf5 32. f3 exf3 33. gxf3 Qxf3
34. Qxa8 Qf2+ 35. Kd3 Qe1 36. Kc2 Qxg3 37. Qxc6 Qg2+ 38. Kb3 h5 39. Nd7 Qf1 40.
Ne5 h4 41. Qxd5 h3 42. Nf3 Qc4+ 43. Qxc4 bxc4+ 44. Kxc4 g5 45. Kd3 g4 46. Ke2
Kf6 47. e4 Ke6 48. d5+ Kd6 49. c4 Kc5 50. b4+ Kxc4 51. d6 g3 52. Kf1 Kd3 53. d7
Ke3 54. d8=Q Kxf3 55. Qd3+ Kg4 56. Kg1 1-0

[Event "221st YMCA Autumn B"]
[Site "Warsaw"]
[Date "2019.11.21"]
[Round "10"]
[White "Wilczynski, Adam"]
[Black "Mazurek, Jerzy"]
[Result "0-1"]
[WhiteElo "1607"]
[BlackElo "1664"]
[PlyCount "78"]
[EventDate "2019.09.20"]
[EventRounds "1"]
[EventCountry "POL"]
[SourceDate "2019.09.20"]

1. Nf3 Nf6 2. b3 d5 3. Bb2 h6 4. e3 Bf5 5. Be2 e6 6. d3 Be7 7. Nbd2 O-O 8. O-O
c5 9. c4 Bh7 10. Re1 Nc6 11. Nf1 dxc4 12. bxc4 Nb4 13. e4 Qb6 14. Qb3 Rfd8 15.
Rad1 Nd7 16. Ng3 Bf6 17. Bxf6 Nxf6 18. Rb1 Nd7 19. Qa4 Qc7 20. Qb3 b6 21. d4
Nc6 22. Qe3 cxd4 23. Nxd4 Nxd4 24. Qxd4 Nc5 25. Qe3 Qc6 26. Bf1 Rd7 27. Rbd1
Rad8 28. Rxd7 Qxd7 29. Be2 Qd2 30. Rd1 Qxd1+ 31. Bxd1 Rxd1+ 32. Nf1 Bxe4 33.
Qe2 Rb1 34. h3 Bd3 35. Qe5 Rxf1+ 36. Kh2 Rxf2 37. Qb8+ Kh7 38. Qg3 Rxa2 39. Qf3
Be4 0-1

[Event "221st YMCA Autumn B"]
[Site "Warsaw"]
[Date "2019.11.26"]
[Round "11"]
[White "Mazurek, Jerzy"]
[Black "Ossolinski, Ziemowit"]
[Result "1/2-1/2"]
[WhiteElo "1664"]
[BlackElo "1768"]
[PlyCount "64"]
[EventDate "2019.09.20"]
[EventRounds "1"]
[EventCountry "POL"]
[SourceDate "2019.09.20"]

1. e4 c5 2. Nf3 e6 3. g3 Nc6 4. Bg2 Nf6 5. Qe2 d6 6. O-O e5 7. h3 Be7 8. c3 h6
9. Rd1 Qb6 10. Na3 Be6 11. d3 O-O 12. Nc2 Qa6 13. b3 Rac8 14. Nd2 Rfe8 15. Ne3
Bf8 16. Nd5 Bxd5 17. exd5 Ne7 18. c4 Nf5 19. Ne4 Nxe4 20. Bxe4 Nd4 21. Qg4 Qa5
22. Bb2 b5 23. Bxd4 exd4 24. h4 bxc4 25. bxc4 Rb8 26. h5 Re5 27. f4 Rxe4 28.
dxe4 Qc3 29. Qe2 Rb2 30. Qd3 Qa5 31. a3 Qa4 32. Rdb1 Rc2 $11 1/2-1/2

[Event "221st YMCA Autumn B"]
[Site "Warsaw"]
[Date "2019.12.05"]
[Round "11"]
[White "Wojnowski, Jan"]
[Black "Iwaszkiewicz, Krzysztof"]
[Result "1/2-1/2"]
[WhiteElo "1676"]
[BlackElo "1768"]
[PlyCount "91"]
[EventDate "2019.09.20"]
[EventRounds "1"]
[EventCountry "POL"]
[SourceDate "2019.09.20"]

1. e4 c5 2. Nf3 e6 3. c3 Nc6 4. d4 d5 5. exd5 exd5 6. Be2 Nf6 7. O-O Be7 8.
dxc5 Bxc5 9. Bg5 Be7 10. Nbd2 O-O 11. Nb3 h6 12. Bh4 Bf5 13. Nfd4 Bg6 14. Bd3
Bh5 15. Be2 Bg6 16. Bd3 Bxd3 17. Qxd3 Ne5 18. Qf5 Nc4 19. Rab1 a5 20. Rfd1 a4
21. Bxf6 Bxf6 22. Nc5 g6 23. Qh3 Bg7 24. b3 Na3 25. Rbc1 axb3 26. axb3 Qc7 27.
Nd3 Qa5 28. Nb4 Rfd8 29. Qd3 Bf8 30. Nbc2 Nxc2 31. Rxc2 Rac8 32. h3 Qb6 33. g3
Bg7 34. b4 Rc4 35. Ne2 Qc6 36. Rcc1 Re8 37. Qf3 Ree4 38. Kg2 f5 39. Kf1 Kh7 40.
Qd3 Qa6 41. Ra1 Qe6 42. Ra5 d4 43. cxd4 Rxb4 44. Rb5 Rxb5 45. Qxb5 b6 46. Qd3
$11 1/2-1/2

[Event "221st YMCA Autumn B"]
[Site "Warsaw"]
[Date "2019.11.27"]
[Round "11"]
[White "Tarka, Aleksandra"]
[Black "Kasperski, Marcin"]
[Result "1-0"]
[WhiteElo "1646"]
[BlackElo "1638"]
[PlyCount "59"]
[EventDate "2019.09.20"]
[EventRounds "1"]
[EventCountry "POL"]
[SourceDate "2019.09.20"]

1. e4 e6 2. d4 d5 3. Bd3 Nf6 4. e5 Nfd7 5. Nf3 Nc6 6. c3 Nb6 7. O-O Bd7 8. Bc2
Na5 9. Re1 Be7 10. b3 g5 11. Be3 Bc6 12. a4 h5 13. Nfd2 g4 14. f4 f5 15. exf6
Bxf6 16. Bg6+ Kf8 17. f5 Kg7 18. Qc2 e5 19. dxe5 Bxe5 20. Bd4 Bxd4+ 21. cxd4
Qf6 22. Qc3 Nd7 23. Re6 Qh4 24. Qxa5 g3 25. Nf3 gxh2+ 26. Kh1 Qf2 27. Qe1 Qxe1+
28. Rxe1 Nf8 29. Re7+ Kf6 30. Rf7# 1-0

[Event "221st YMCA Autumn B"]
[Site "Warsaw"]
[Date "2019.11.29"]
[Round "11"]
[White "Sloniewska, Alicja"]
[Black "Szukalski`, Antoni"]
[Result "1/2-1/2"]
[WhiteElo "1661"]
[BlackElo "1727"]
[PlyCount "46"]
[EventDate "2019.09.20"]
[EventRounds "1"]
[EventCountry "POL"]
[SourceDate "2019.09.20"]

1. d4 d5 2. c4 c6 3. cxd5 cxd5 4. Nc3 Nf6 5. Bf4 Nc6 6. e3 a6 7. Bd3 e6 8. Rc1
Bd6 9. Bxd6 Qxd6 10. f4 Bd7 11. Nf3 Ng4 12. Qe2 f5 13. O-O O-O 14. h3 Nf6 15.
Ne5 Ne4 16. Bxe4 fxe4 17. Kh1 Nxe5 18. dxe5 Qe7 19. g4 Bc6 20. Kh2 Rac8 21. Qe1
Rfe8 22. Ne2 Bb5 23. Rf2 Bxe2 $11 1/2-1/2

[Event "221st YMCA Autumn B"]
[Site "Warsaw"]
[Date "2019.11.28"]
[Round "11"]
[White "Jarmolowski, Tadeusz"]
[Black "Dabrowski, Leszek"]
[Result "0-1"]
[WhiteElo "1667"]
[BlackElo "1851"]
[PlyCount "46"]
[EventDate "2019.09.20"]
[EventRounds "1"]
[EventCountry "POL"]
[SourceDate "2019.09.20"]

1. e4 c6 2. Nc3 d5 3. Qf3 e6 4. d4 dxe4 5. Qxe4 Nf6 6. Qd3 b6 7. Nf3 Ba6 8. Qe3
Bxf1 9. Rxf1 Nd5 10. Nxd5 cxd5 11. Ne5 Bd6 12. Bd2 Qc7 13. O-O-O O-O 14. f4 Nd7
15. Kb1 Nf6 16. h3 Ne4 17. g4 b5 18. g5 b4 19. Ng4 Rac8 20. Rc1 Qb6 21. Ka1 Rc4
22. c3 b3 23. Be1 Qa6 0-1

[Event "221st YMCA Autumn B"]
[Site "Warsaw"]
[Date "2019.11.28"]
[Round "11"]
[White "Sypula, Krzysztof"]
[Black "Gierech, Pawel"]
[Result "1-0"]
[WhiteElo "1671"]
[BlackElo "1652"]
[PlyCount "53"]
[EventDate "2019.09.20"]
[EventRounds "1"]
[EventCountry "POL"]
[SourceDate "2019.09.20"]

1. c4 c6 2. d4 d5 3. Nf3 e6 4. Qc2 Nf6 5. g3 Nbd7 6. Bg2 Bd6 7. O-O e5 8. dxe5
Nxe5 9. cxd5 cxd5 10. Bg5 h6 11. Bxf6 Qxf6 12. Nc3 Be6 13. Rad1 Bf5 14. Qa4+
Bd7 15. Qb3 Nxf3+ 16. Bxf3 d4 17. Ne4 Qe5 18. Nxd6+ Qxd6 19. e3 Bc6 20. Rxd4
Qf6 21. Bxc6+ Qxc6 22. Qb4 Rd8 23. Re4+ Kd7 24. Rc4 Qb6 25. Qc3 Ke7 26. Qxg7
Qd6 27. Re4+ 1-0

[Event "221st YMCA Autumn B"]
[Site "Warsaw"]
[Date "2019.12.03"]
[Round "12"]
[White "Ossolinski, Ziemowit"]
[Black "Gierech, Pawel"]
[Result "1-0"]
[WhiteElo "1768"]
[BlackElo "1652"]
[PlyCount "57"]
[EventDate "2019.09.20"]
[EventRounds "1"]
[EventCountry "POL"]
[SourceDate "2019.09.20"]

1. e4 e5 2. Nf3 Nf6 3. d4 Nxe4 4. Bd3 d5 5. Nxe5 Nd7 6. O-O Nxe5 7. dxe5 Nc5 8.
Be2 c6 9. c4 Be6 10. cxd5 Bxd5 11. Nc3 Be6 12. Qc2 Qh4 13. Be3 Bc4 14. g3 Bb3
15. axb3 Qe7 16. Bxc5 Qxc5 17. Bc4 Be7 18. e6 f6 19. Bd3 O-O-O 20. Nb5 a6 21.
Nc3 h5 22. Ne4 Qb6 23. Rfc1 Kc7 24. Bf1 Rd5 25. Nc3 Re5 26. Qg6 Rg5 27. Qxg5
Qxb3 28. Qxg7 Re8 29. Qf7 1-0